Harmonized tariff schedule of the United States 2011 volume 3 : chapter 29 to chapter 62.
| Format: | Book |
|---|---|
| Published: |
Washington, DC:
United States International Trade Commission,
2010.
|
| Subjects: |
| LEADER | 00547cam a2200145 7i4500 | ||
|---|---|---|---|
| 001 | 0000025946 | ||
| 005 | 20110222090000.0 | ||
| 090 | 0 | 0 | |a T 382.7 |b HAR (USA) |
| 245 | 0 | 0 | |a Harmonized tariff schedule of the United States 2011 volume 3 : chapter 29 to chapter 62. |
| 260 | 0 | 0 | |a Washington, DC: |b United States International Trade Commission, |c 2010. |
| 300 | # | # | |a [v.p]. |
| 500 | 0 | 0 | |a Library has volume 1 - volume 5 |
| 650 | 0 | 0 | |a Tariff -- |z United States of America |
| 651 | 0 | 0 | |a United States of America |
| 999 | |a 0000028302 |b Book |c Tariffs |e Business Information Centre | ||